000 00522nam a2200205Ia 4500
003 OSt
005 20230415095241.0
008 210423s2011 xx 000 0 und d
020 _a9789380138879
040 _cAL
041 _aeng
082 _a810 DUTJ
100 _aDUTT (J Ram).
_988679
245 _aStudies in American literature.
260 _aDelhi
_bSwastik Publishers & Distributors
_c2011
300 _aix,254
_bHB
365 _b750
_cINR
906 _aamerican ; literature. ; Studies
942 _2ddc
_cBK
999 _c159833
_d159833